| Поле | Инд. | ПП | Название | Значение |
|---|---|---|---|---|
| Тип записи | a | |||
| Библиографический уровень | b | |||
| 001 | Контрольный номер | RU/IS/BASE/262112561 | ||
| 005 | Дата корректировки | 20200629065942.5 | ||
| 084 | a | Индекс другой классификации/Индекс ББК | 86.375-3-47; 87.3(4Гем)4-361 | |
| 100 | 10 | a | Автор | Реутин М. Ю. |
| 245 | 00 | a | Заглавие | Блаженный Генрих Сузо и его "Апология" Майстера Экхарта |
| 504 | 00 | a | Библиография | Библиогр. в конце статьи |
| 600 | a | Персоналии | Сузо Генрих | |
| a | Персоналии | Экхарт Иоганн (Майстер) | ||
| 650 | a | Основная рубрика | история религии | |
| a | Основная рубрика | история философии | ||
| a | Основная рубрика | католицизм | ||
| a | Основная рубрика | религиоведение | ||
| a | Основная рубрика | религия | ||
| a | Основная рубрика | философия | ||
| 653 | 00 | a | Ключевые слова | XIV век |
| a | Ключевые слова | Германия | ||
| a | Ключевые слова | доминиканцы | ||
| a | Ключевые слова | мистическая философия | ||
| a | Ключевые слова | немецкая мистика | ||
| a | Ключевые слова | теология | ||
| 773 | 00 | t | Заглавие источника | Вопросы философии |
| d | Дата издания источника | 2000 | ||
| g | Прочая информация | № 7. - С. 105 - 113 | ||
| w | Контрольный № источника | RU/IS/BASE/140276533 | ||
| 901 | t | Тип документа | b |